<?xml version="1.0" encoding="UTF-8"?>
<record
    xmlns:xsi="http://www.w3.org/2001/XMLSchema-instance"
    xsi:schemaLocation="http://www.loc.gov/MARC21/slim http://www.loc.gov/standards/marcxml/schema/MARC21slim.xsd"
    xmlns="http://www.loc.gov/MARC21/slim">

  <leader>00651nam a2200133Ia 4500</leader>
  <controlfield tag="008">120721s9999    xx            000 0 und d</controlfield>
  <datafield tag="050" ind1=" " ind2=" ">
    <subfield code="a">HM61 V648 2002</subfield>
  </datafield>
  <datafield tag="245" ind1=" " ind2=" ">
    <subfield code="a">Vida, evoluci&#xF3;n y mente / Francisco G. Bol&#xED;var Zapata [et al.] ; comp. Francisco G. Bol&#xED;var Zapata, Pablo Rudom&#xED;n</subfield>
  </datafield>
  <datafield tag="260" ind1=" " ind2=" ">
    <subfield code="a">M&#xE9;xico : El Colegio Nacional, [2002?]</subfield>
  </datafield>
  <datafield tag="300" ind1=" " ind2=" ">
    <subfield code="a">214 p. : il. ; 19 cm.</subfield>
  </datafield>
  <datafield tag="500" ind1=" " ind2=" ">
    <subfield code="a">Una visi&#xF3;n integradora : universo, vida, hombre y sociedad. - - M&#xF3;dulo 2</subfield>
  </datafield>
  <datafield tag="650" ind1=" " ind2=" ">
    <subfield code="a">1. Sociolog&#xED;a - Discursos, ensayos, conferencias</subfield>
  </datafield>
  <datafield tag="700" ind1=" " ind2=" ">
    <subfield code="a">I. Bol&#xED;var Zapata, Francisco G., coaut. II. Bol&#xED;var Zapata, Francisco G., comp. III. Rudom&#xED;n, Pablo, comp.&#xCC;</subfield>
  </datafield>
  <datafield tag="952" ind1=" " ind2=" ">
    <subfield code="0">0</subfield>
    <subfield code="1">0</subfield>
    <subfield code="4">0</subfield>
    <subfield code="7">0</subfield>
    <subfield code="a">08</subfield>
    <subfield code="b">08</subfield>
    <subfield code="d">2010-09-07</subfield>
    <subfield code="l">1</subfield>
    <subfield code="o">HM61 V648 2002</subfield>
    <subfield code="p">08 003732</subfield>
    <subfield code="r">2017-10-27</subfield>
    <subfield code="s">2017-10-27</subfield>
    <subfield code="t">1</subfield>
    <subfield code="w">2012-07-20</subfield>
    <subfield code="y">LB</subfield>
  </datafield>
  <datafield tag="999" ind1=" " ind2=" ">
    <subfield code="c">82784</subfield>
    <subfield code="d">82784</subfield>
  </datafield>
</record>
